02127nam a2200229 a 4500090002100000041000800021100004800029245016000077260005300237300001100290520121800301650002601519650002501545650002301570650002201593650003401615650003501649650004101684650004501725773011201770999001501882 aIAVHb00765 CD-1 aspa aFernández Muñoz, María Adelaida95210 aEstrategia financiera del Parque Municipal Natural CampoalegrebIncentivos para la reconversión de la ganadería en la cuenca alta del río Campoalegre aBogotábInstituto Alexander von Humboldtc2005 a136 p. aLa primera parte describe los antecedentes que llevaron a la creación del PMN Campoalegre; las principales características biofísicas de la zona donde está ubicado el PMN Campoalegre, sus actores y sus organizaciones en torno a los recursos naturales que allí se encuentran; y los principales planes y programas establecidos dentro del Plan de Manejo del parque con una primera propuesta para lograr establecer un flujo financiero sostenible en el largo plazo. La segunda parte presenta un análisis sobre la viabilidad económica e institucional de los instrumentos de política para la conservación y uso sostenible de la biodiversidad en el municipio de Santa Rosa; analiza la problemática entre ganadería y medio ambiente; describe la ganadería en la región cafetera, particularmente en el departamento de Risaralda; caracteriza los sistemas productivos ganaderos de Santa Rosa; hace una descripción biofísica del área de estudio y analiza los impactos de la ganadería sobre el medio ambiente local; finalmente presenta una clasificación de los principales instrumentos de política vigentes y analiza su posible utilidad para fomentar la reconversión ganadera en la zona. aConservación992401 aBiodiversidad992204 aGanadería992436 aIncentivos992522 aReconversión ganadera93320 aCuencas hidrográficas992255 aParques Municipales Naturales992523 aPlanes de manejo y conservación9925240 0598699704abdBogotá Informatica documental 2007o024802tInformes de investigaciones IAVH en PDFwxz c6031d6031